书目信息 |
| 题名: |
结构损伤识别理论及其应用
|
|
| 作者: | 袁颖 著 | |
| 分册: | ||
| 出版信息: | 北京 中国大地出版社 2008.12.01 |
|
| 页数: | 225页 | |
| 开本: | 20cm | |
| 丛书名: | ||
| 单 册: | ||
| 中图分类: | TU317 | |
| 科图分类: | ||
| 主题词: | 建筑结构--理论 , 建筑结构--结构计算 | |
| 电子资源: | ||
| ISBN: | 978-7-80246-160-4 | |
| 000 | 00624nam0 2200229 45 | |
| 001 | 0931583574 | |
| 005 | 20091028084719.60 | |
| 010 | @a978-7-80246-160-4@dCNY35.00 | |
| 100 | @a20090515d2008 ekmy0 y0120 ea | |
| 102 | @aCN@b130000 | |
| 102 | @aCN@b110000 | |
| 105 | @ay z 000yy | |
| 200 | 1 | @a结构损伤识别理论及其应用@f袁颖等著@Fyuan ying deng zhu |
| 210 | @a北京@c中国大地出版社@d2008.12.01 | |
| 215 | @a225页@d20cm | |
| 606 | 0 | @a建筑结构@x理论 |
| 606 | 0 | @a建筑结构@x结构计算 |
| 690 | @aTU317@v4 | |
| 701 | 0 | @a袁颖@Ayuan ying@4著 |
| 801 | 0 | @aCN@c20091028 |
| 905 | @a10447@dTU317@eY922 | |
| 906 | @d35@n3@r1 | |
| 结构损伤识别理论及其应用/袁颖等著.-北京:中国大地出版社,2008.12.01 |
| 225页;20cm |
| ISBN 978-7-80246-160-4:CNY35.00 |
| ● |
| 相关链接 |
|
|
|
正题名:结构损伤识别理论及其应用
索取号:TU317/Y922
 
预约/预借
| 序号 | 登录号 | 条形码 | 馆藏地/架位号 | 状态 | 备注 |
| 1 | 891439 | 208914399 | 建筑库101/101建筑库 79排4列1层/ [索取号:TU317/Y922] | 在馆 | |
| 2 | 891440 | 208914406 | 建筑库101/101建筑库 79排4列1层/ [索取号:TU317/Y922] | 在馆 | |
| 3 | 891441 | 208914415 | 建筑库101/101建筑库 79排4列1层/ [索取号:TU317/Y922] | 在馆 |